[Event "Tata Steel India Rapid w"]
[Site "Kolkata IND"]
[Date "2022.11.29"]
[Round "1.1"]
[White "Muzychuk, Anna"]
[Black "Koneru, Humpy"]
[Result "0-1"]
[WhiteTitle "GM"]
[BlackTitle "GM"]
[WhiteElo "2525"]
[BlackElo "2574"]
[WhiteFideId "14111330"]
[BlackFideId "5008123"]
[EventDate "2022.11.29"]

1. e4 e5 2. Nf3 Nc6 3. Bb5 Nge7 4. Nc3 Ng6 5. d4 exd4 6. Nxd4 Nxd4 7. Qxd4 c6 8.
Be2 Qb6 9. Be3 Qxb2 10. Rb1 Qa3 11. O-O Qd6 12. Qc4 Be7 13. f4 b5 14. Qb3 O-O
15. a4 a6 16. e5 Qc7 17. Ne4 d5 18. exd6 Bxd6 19. Nxd6 Qxd6 20. f5 Ne7 21. f6
Nd5 22. Rbd1 Qe5 23. fxg7 Re8 24. Rf3 Bg4 25. Rdf1 Bxf3 26. Rxf3 Re7 27. Bd3
Nxe3 28. Bxh7+ Kxh7 29. Qd3+ Kg8 30. Rh3 Nf5 0-1

[Event "Tata Steel India Rapid w"]
[Site "Kolkata IND"]
[Date "2022.11.29"]
[Round "1.2"]
[White "Muzychuk, Mariya"]
[Black "Vantika, Agrawal"]
[Result "1-0"]
[WhiteTitle "GM"]
[BlackTitle "WGM"]
[WhiteElo "2528"]
[BlackElo "2362"]
[WhiteFideId "14114550"]
[BlackFideId "25050389"]
[EventDate "2022.11.29"]

1. e4 c5 2. Nf3 d6 3. d4 cxd4 4. Nxd4 Nf6 5. Nc3 a6 6. Be3 e5 7. Nf3 Be7 8. Bc4
Be6 9. Bxe6 fxe6 10. Ng5 Qd7 11. Qf3 Nc6 12. Qh3 Nd8 13. Bb6 h6 14. O-O O-O 15.
Bxd8 hxg5 16. Bxe7 Qxe7 17. Qg3 g4 18. a4 Rac8 19. Rad1 Rc6 20. Rd3 Qc7 21. h3
Rc4 22. Re1 gxh3 23. Qxh3 Qe7 24. Qh4 Rfc8 25. Qg5 Rb4 26. b3 Rd4 27. Rh3 Qe8
28. Ree3 b5 29. axb5 axb5 30. Reg3 Qe7 31. Rh6 b4 32. Rg6 Rc7 33. Nb5 Rd1+ 34.
Kh2 Nxe4 35. Rxg7+ Qxg7 36. Qd8+ Kh7 37. Rxg7+ Rxg7 38. Qh4+ Kg8 39. Qxe4 Rh7+
40. Kg3 Rg7+ 41. Kf3 Rf7+ 42. Ke2 Rd5 43. Qxb4 Rc5 44. Qg4+ Kf8 45. c4 Ke7 46.
Qg5+ Kd7 47. Qg8 Re7 48. Qb8 Rc8 1-0

[Event "Tata Steel India Rapid w"]
[Site "Kolkata IND"]
[Date "2022.11.29"]
[Round "1.3"]
[White "Savitha, Shri B"]
[Black "Dzagnidze, Nana"]
[Result "0-1"]
[WhiteTitle "WIM"]
[BlackTitle "GM"]
[WhiteElo "2411"]
[BlackElo "2517"]
[WhiteFideId "35061887"]
[BlackFideId "13601903"]
[EventDate "2022.11.29"]

1. e4 c5 2. Nf3 e6 3. d4 cxd4 4. Nxd4 Nc6 5. Nc3 Qc7 6. Nxc6 bxc6 7. Bd3 Nf6 8.
O-O d5 9. exd5 exd5 10. Re1+ Be7 11. Qf3 O-O 12. Bf4 Bd6 13. Bxd6 Qxd6 14. Qg3
Qb4 15. a3 Qb8 16. b4 Qxg3 17. hxg3 Be6 18. Ne2 a5 19. Nd4 axb4 20. axb4 Bd7 21.
Nb3 Rfb8 22. c3 Kf8 23. f3 h5 24. Kf2 g6 25. Reb1 Ne8 26. Nc5 Bc8 27. Ba6 Bxa6
28. Nxa6 Rb7 29. Nc5 Rba7 30. Nd7+ Ke7 31. Rxa7 Rxa7 32. Ne5 Kd6 33. Nd3 Nc7 34.
Ke3 Nb5 35. Kd2 Na3 36. Re1 Nc4+ 37. Kc2 Ra2+ 38. Kb3 Rxg2 39. Re8 Rxg3 40. Nc5
Rxf3 41. Rd8+ Ke7 42. Rc8 Ne5 43. Rc7+ Kf6 44. Na6 h4 45. Rc8 h3 46. Rh8 Kg7 47.
Rh4 g5 48. Rh5 Kg6 49. Rh8 g4 0-1

[Event "Tata Steel India Rapid w"]
[Site "Kolkata IND"]
[Date "2022.11.29"]
[Round "1.4"]
[White "Vaishali, Rameshbabu"]
[Black "Harika, Dronavalli"]
[Result "1/2-1/2"]
[WhiteTitle "IM"]
[BlackTitle "GM"]
[WhiteElo "2454"]
[BlackElo "2507"]
[WhiteFideId "5091756"]
[BlackFideId "5015197"]
[EventDate "2022.11.29"]

1. d4 d5 2. c4 c6 3. cxd5 cxd5 4. Bf4 Nc6 5. e3 e6 6. Nc3 Bd6 7. Bg3 Nge7 8. Bd3
h6 9. Nf3 Bxg3 10. hxg3 Bd7 11. a3 a6 12. Rc1 Qa5 13. g4 b5 14. g5 b4 15. axb4
Nxb4 16. gxh6 Rxh6 17. Rxh6 gxh6 18. Ne5 Nec6 19. Nxd7 Kxd7 20. Bb1 Rg8 21. Kf1
Qd8 22. Qf3 f5 23. Na4 Qh4 24. Nc5+ Kd6 25. g3 Qg4 26. Qxg4 fxg4 27. Bd3 Rb8 28.
Be2 h5 29. b3 e5 30. dxe5+ Nxe5 31. Nxa6 Nxa6 32. Bxa6 Rxb3 33. Be2 Nc6 34. Rc2
d4 35. Rd2 Ke5 36. exd4+ Nxd4 37. Kg2 Rb1 38. Bd1 Rc1 39. Rd3 Ra1 40. Re3+ Kf6
41. Rd3 Ke5 42. Re3+ 1/2-1/2

[Event "Tata Steel India Rapid w"]
[Site "Kolkata IND"]
[Date "2022.11.29"]
[Round "1.5"]
[White "Kiolbasa, Oliwia"]
[Black "Ushenina, Anna"]
[Result "0-1"]
[WhiteTitle "WIM"]
[BlackTitle "GM"]
[WhiteElo "2406"]
[BlackElo "2454"]
[WhiteFideId "1154613"]
[BlackFideId "14110911"]
[EventDate "2022.11.29"]

1. e4 c5 2. Nf3 e6 3. d4 cxd4 4. Nxd4 a6 5. c4 Nf6 6. Nc3 Qc7 7. Be2 b6 8. O-O
Bb7 9. Qd3 Bb4 10. f3 Nc6 11. Nxc6 dxc6 12. a3 Bc5+ 13. Kh1 Rd8 14. Qc2 Bd4 15.
f4 e5 16. f5 h6 17. Bf3 O-O 18. Ne2 c5 19. Ng3 Bc6 20. Qe2 b5 21. Nh5 Qe7 22.
Nxf6+ Qxf6 23. g4 Qh4 24. f6 Qxf6 25. g5 hxg5 26. Qg2 Qg6 27. Re1 g4 28. Bxg4 f5
29. Bf3 Qxg2+ 30. Bxg2 Bxe4 31. Bxe4 fxe4 32. cxb5 axb5 33. Rb1 Rf2 34. Bg5 Rdf8
35. b3 Ra2 36. Rxe4 Rff2 37. Rh4 Rxa3 38. Be7 Raa2 39. b4 cxb4 40. Bxb4 Rab2 41.
Rxb2 Rxb2 42. Bd6 Kf7 43. Re4 Ke6 44. Bf8 Kf5 45. Re1 g6 46. Bh6 b4 47. h3 b3
48. Rf1+ Rf2 49. Rb1 b2 0-1

[Event "Tata Steel India Rapid w"]
[Site "Kolkata IND"]
[Date "2022.11.29"]
[Round "2.1"]
[White "Harika, Dronavalli"]
[Black "Kiolbasa, Oliwia"]
[Result "1-0"]
[WhiteTitle "GM"]
[BlackTitle "WIM"]
[WhiteElo "2507"]
[BlackElo "2406"]
[WhiteFideId "5015197"]
[BlackFideId "1154613"]
[EventDate "2022.11.29"]

1. c4 e6 2. g3 d5 3. d4 Nf6 4. Bg2 Be7 5. Nf3 O-O 6. Nc3 dxc4 7. Ne5 c5 8. dxc5
Qxd1+ 9. Nxd1 Bxc5 10. O-O Nd5 11. Ne3 Nxe3 12. Bxe3 Bxe3 13. fxe3 Nc6 14. Nxc4
Rd8 15. Rad1 Rxd1 16. Rxd1 Kf8 17. Bxc6 bxc6 18. Rd6 Ke7 19. Rxc6 Bd7 20. Rc7 f6
21. Kf2 Kd8 22. Rb7 Rc8 23. b3 Rc7 24. Rxc7 Kxc7 25. e4 e5 26. Ke3 Kc6 27. Kd3
Be6 28. Kc3 g6 29. Ne3 a5 30. Nc4 a4 31. bxa4 Kc5 32. Ne3 Bxa2 33. Ng4 Bc4 34.
e3 Be2 35. Nxf6 Bd1 36. a5 Bf3 37. Kd3 Bg2 38. Nxh7 Bf1+ 39. Kd2 Kb5 40. Nf8 g5
41. Nd7 Kxa5 42. Nxe5 Kb5 43. Nf7 g4 44. Ne5 Bh3 45. Ke2 Bg2 46. Kd3 Kc5 47.
Nxg4 1-0

[Event "Tata Steel India Rapid w"]
[Site "Kolkata IND"]
[Date "2022.11.29"]
[Round "2.2"]
[White "Dzagnidze, Nana"]
[Black "Vaishali, Rameshbabu"]
[Result "1-0"]
[WhiteTitle "GM"]
[BlackTitle "IM"]
[WhiteElo "2517"]
[BlackElo "2454"]
[WhiteFideId "13601903"]
[BlackFideId "5091756"]
[EventDate "2022.11.29"]

1. d4 Nf6 2. c4 g6 3. g3 c6 4. Nf3 Bg7 5. Bg2 d5 6. O-O O-O 7. a4 a5 8. Bf4 Na6
9. Qc1 dxc4 10. Na3 Be6 11. Rd1 Bd5 12. Nxc4 Nb4 13. Nfe5 Bxg2 14. Kxg2 b5 15.
Na3 Rc8 16. f3 Nfd5 17. Bh6 Nb6 18. Bxg7 Kxg7 19. axb5 cxb5 20. Qd2 Qd5 21. Ng4
Rfd8 22. e4 Qb3 23. d5 Nc2 24. Rac1 Nxa3 25. bxa3 Rc4 26. Qh6+ Kg8 27. Qe3 Qb2+
28. Kh3 Rdc8 29. Rb1 Qc2 30. Qxb6 h5 31. Nf2 R4c5 32. Kg2 Qe2 33. Re1 Qd2 34.
Red1 Qe2 35. Qxa5 Rc3 36. Qxb5 Qxf3+ 37. Kg1 h4 38. gxh4 Qf4 39. Qf1 Qxh4 40.
Rd3 Qg5+ 41. Kh1 Rc2 42. Qg2 Qf4 43. Rf1 Ra2 44. Rf3 Qe5 45. Qg3 Qh5 46. Qh3 1-0

[Event "Tata Steel India Rapid w"]
[Site "Kolkata IND"]
[Date "2022.11.29"]
[Round "2.3"]
[White "Koneru, Humpy"]
[Black "Ushenina, Anna"]
[Result "1/2-1/2"]
[WhiteTitle "GM"]
[BlackTitle "GM"]
[WhiteElo "2574"]
[BlackElo "2454"]
[WhiteFideId "5008123"]
[BlackFideId "14110911"]
[EventDate "2022.11.29"]

1. d4 d5 2. c4 e6 3. Nf3 Nf6 4. Nc3 Be7 5. Bg5 h6 6. Bh4 dxc4 7. e3 c5 8. Bxc4
cxd4 9. Nxd4 Bd7 10. O-O Nc6 11. Nf3 O-O 12. Rc1 Nh5 13. Bxe7 Qxe7 14. Qe2 Rfd8
15. a3 Be8 16. b4 Rac8 17. Ba2 a6 18. h3 Rc7 19. Ne4 Nf6 20. Nfd2 Nxe4 21. Nxe4
Rdc8 22. Qb2 1/2-1/2

[Event "Tata Steel India Rapid w"]
[Site "Kolkata IND"]
[Date "2022.11.29"]
[Round "2.4"]
[White "Vantika, Agrawal"]
[Black "Savitha, Shri B"]
[Result "1-0"]
[WhiteTitle "WGM"]
[BlackTitle "WIM"]
[WhiteElo "2362"]
[BlackElo "2411"]
[WhiteFideId "25050389"]
[BlackFideId "35061887"]
[EventDate "2022.11.29"]

1. d4 Nf6 2. c4 g6 3. g3 Bg7 4. Bg2 c6 5. e4 d6 6. Nc3 O-O 7. Nf3 e5 8. O-O exd4
9. Nxd4 Nbd7 10. h3 Re8 11. Be3 Nc5 12. Qc2 Qe7 13. Rfe1 a5 14. Rad1 Qc7 15.
Ndb5 cxb5 16. Nxb5 Qe7 17. Nxd6 Ne6 18. e5 Nd7 19. Nxe8 Qxe8 20. f4 Ndc5 21. g4
Bf8 22. Kh1 Bd7 23. f5 Ng7 24. e6 Bc6 25. Bd4 gxf5 26. e7 Nce6 27. exf8=Q+ Qxf8
28. Bxc6 Nxd4 29. Rxd4 Qc5 30. Bxb7 Rb8 31. Rd7 fxg4 32. Bd5 gxh3 33. Rxf7 Kh8
34. Qc3 1-0

[Event "Tata Steel India Rapid w"]
[Site "Kolkata IND"]
[Date "2022.11.29"]
[Round "2.5"]
[White "Muzychuk, Anna"]
[Black "Muzychuk, Mariya"]
[Result "1/2-1/2"]
[WhiteTitle "GM"]
[BlackTitle "GM"]
[WhiteElo "2525"]
[BlackElo "2528"]
[WhiteFideId "14111330"]
[BlackFideId "14114550"]
[EventDate "2022.11.29"]

1. e4 e5 2. Nf3 Nc6 3. Bb5 a6 4. Ba4 Nf6 5. O-O Bc5 6. c3 b5 7. Bc2 d5 8. d4
dxe4 9. Nbd2 exf3 10. Qxf3 Be7 11. Qxc6+ Bd7 12. Qf3 exd4 13. Ne4 O-O 14. Rd1 c5
15. Bg5 Re8 16. Bxf6 Bxf6 17. Nxc5 Bc6 18. Qxc6 Rc8 19. Qxa6 Rxc5 20. Bb3 Qe7
21. g3 dxc3 22. bxc3 Bxc3 23. Rac1 g6 24. Qd6 Qxd6 25. Rxd6 Re7 26. Kg2 Kg7 1/2-1/2

[Event "Tata Steel India Rapid w"]
[Site "Kolkata IND"]
[Date "2022.11.29"]
[Round "3.1"]
[White "Vaishali, Rameshbabu"]
[Black "Vantika, Agrawal"]
[Result "1-0"]
[WhiteTitle "IM"]
[BlackTitle "WGM"]
[WhiteElo "2454"]
[BlackElo "2362"]
[WhiteFideId "5091756"]
[BlackFideId "25050389"]
[EventDate "2022.11.29"]

1. d4 Nf6 2. c4 e6 3. Nc3 d5 4. cxd5 Nxd5 5. e4 Nxc3 6. bxc3 c5 7. Rb1 Be7 8.
Nf3 O-O 9. h4 b6 10. h5 h6 11. Rh3 Bb7 12. Bd3 cxd4 13. cxd4 Nc6 14. Rg3 Kh8 15.
Qd2 Rg8 16. a3 Qd6 17. Bb2 e5 18. dxe5 Qe6 19. Qe2 Bc5 20. Bc4 Qe7 21. Qd2 Rad8
22. Bd5 Kh7 23. Qf4 Rdf8 24. Rd1 Nd8 25. Nh4 Ne6 26. Qg4 Ng5 27. Nf5 Qc7 28.
Nxh6 gxh6 29. Qf5+ Rg6 30. Bxb7 Qxb7 31. hxg6+ Kg8 32. gxf7+ Rxf7 33. Qg6+ Kf8
34. Qxh6+ Ke8 35. f3 Bf2+ 36. Kxf2 Nxe4+ 37. Kg1 Nxg3 38. Qe6+ Kf8 39. Rd8+ Kg7
40. Qg4+ Kh6 41. Rh8+ 1-0

[Event "Tata Steel India Rapid w"]
[Site "Kolkata IND"]
[Date "2022.11.29"]
[Round "3.2"]
[White "Savitha, Shri B"]
[Black "Muzychuk, Anna"]
[Result "1/2-1/2"]
[WhiteTitle "WIM"]
[BlackTitle "GM"]
[WhiteElo "2411"]
[BlackElo "2525"]
[WhiteFideId "35061887"]
[BlackFideId "14111330"]
[EventDate "2022.11.29"]

1. e4 e5 2. Nf3 Nc6 3. Bb5 a6 4. Ba4 Nf6 5. O-O Nxe4 6. d4 b5 7. Bb3 d5 8. dxe5
Be6 9. c3 Bc5 10. Nbd2 O-O 11. Bc2 Bf5 12. Nb3 Bg6 13. Nfd4 Bxd4 14. cxd4 a5 15.
a4 bxa4 16. Rxa4 Nb4 17. Bxe4 dxe4 18. Nc5 e3 19. Bxe3 Bc2 20. Qg4 Bxa4 21. Bh6
g6 22. Nxa4 f5 23. Qe2 Qxd4 24. Bxf8 Rxf8 25. Rd1 Qe4 26. Qxe4 fxe4 27. Nc5 Re8
28. e6 Nd3 29. Nxe4 Rxe6 30. Rxd3 Rxe4 31. f3 Re2 32. Rd8+ Kf7 33. Rd7+ Re7 34.
Rd5 Re1+ 35. Kf2 Rb1 36. Rd7+ Kf6 37. Rxc7 Rxb2+ 38. Kg3 h5 39. h4 a4 40. Ra7
Ra2 41. Ra6+ Kg7 42. Kf4 Rxg2 43. Rxa4 Kh6 44. Ra6 Rg1 45. Rb6 Rg2 1/2-1/2

[Event "Tata Steel India Rapid w"]
[Site "Kolkata IND"]
[Date "2022.11.29"]
[Round "3.3"]
[White "Muzychuk, Mariya"]
[Black "Koneru, Humpy"]
[Result "1/2-1/2"]
[WhiteTitle "GM"]
[BlackTitle "GM"]
[WhiteElo "2528"]
[BlackElo "2574"]
[WhiteFideId "14114550"]
[BlackFideId "5008123"]
[EventDate "2022.11.29"]

1. e4 e5 2. Nf3 Nf6 3. Nxe5 d6 4. Nf3 Nxe4 5. d4 d5 6. Bd3 Bd6 7. O-O O-O 8. c4
c6 9. Nc3 Nxc3 10. bxc3 dxc4 11. Bxc4 Bf5 12. Bg5 Qa5 13. Nh4 Be6 14. Bxe6 Qxg5
15. Nf3 Qa5 16. Bb3 Nd7 17. Qd3 Rae8 18. Rfe1 g6 19. h4 Kg7 20. Ng5 Rxe1+ 21.
Rxe1 Nf6 22. g3 h6 23. Nf3 Rd8 24. Kg2 Qc7 25. Qc4 b5 26. Qd3 a6 27. a4 Nh5 28.
Nd2 Nf6 29. Re3 Qb7 30. Kg1 c5 31. axb5 axb5 32. dxc5 Be7 33. Qe2 Bxc5 34. Re5
Qb6 35. Ne4 Nxe4 1/2-1/2

[Event "Tata Steel India Rapid w"]
[Site "Kolkata IND"]
[Date "2022.11.29"]
[Round "3.4"]
[White "Kiolbasa, Oliwia"]
[Black "Dzagnidze, Nana"]
[Result "0-1"]
[WhiteTitle "WIM"]
[BlackTitle "GM"]
[WhiteElo "2406"]
[BlackElo "2517"]
[WhiteFideId "1154613"]
[BlackFideId "13601903"]
[EventDate "2022.11.29"]

1. e4 c5 2. Nf3 e6 3. d4 cxd4 4. Nxd4 Nc6 5. Nc3 Qc7 6. Be3 a6 7. a3 b5 8. Nxc6
dxc6 9. Qg4 Nf6 10. Qg3 Qxg3 11. hxg3 e5 12. f3 Be6 13. Kf2 Be7 14. g4 Nd7 15.
Be2 f6 16. g3 h6 17. a4 O-O 18. f4 Nc5 19. b4 Nb7 20. Rab1 Rfd8 21. Rhd1 Rxd1
22. Bxd1 Kf8 23. Be2 Rc8 24. Kf3 Bf7 25. Kf2 Be8 26. Bd3 Nd8 27. axb5 axb5 28.
Ne2 Ra8 29. c4 Ra3 30. Nc1 bxc4 31. Bxc4 Nb7 32. Be2 Nd6 33. Bd3 Bg6 34. f5 Bf7
35. Bc5 Nb5 36. Rb2 Bxc5+ 37. bxc5 Rc3 38. Rc2 Ke7 39. Rxc3 Nxc3 40. Ne2 Na4 41.
Ke3 Nxc5 42. Bc2 Kd6 43. Nc3 Nd7 44. Na4 Bc4 45. Bd1 c5 46. Kd2 Kc6 47. Kc3 Bb5
48. Nb2 Nb6 49. Bf3 Bf1 50. Bd1 Kb5 51. Bc2 c4 52. Bd1 Kc5 53. Bf3 Bh3 54. Be2
Bg2 55. Bxc4 Bxe4 56. Be2 Nd5+ 57. Kd2 Kd4 58. Nc4 Nc3 59. Nd6 Bc6 60. Nf7 e4
61. Nd8 e3+ 62. Ke1 Bd5 63. Ne6+ Bxe6 64. fxe6 Nd5 65. Bb5 Ke5 66. Bd7 Kd6 67.
Ke2 Nb6 68. Bb5 Kxe6 69. Kxe3 Ke5 70. Kf3 Nd5 71. Bc6 Kd4 72. Bd7 Ne7 73. Kf4
Kd3 74. Bb5+ Kd2 75. Kf3 Ke1 76. Bc4 Ng6 77. Bd5 Ne5+ 78. Kf4 Kf2 79. Be4 Nc4
80. Bd5 Nd6 81. g5 hxg5+ 82. Kg4 Nb5 83. Kf5 Kxg3 84. Kg6 Kf4 85. Kxg7 f5 0-1

[Event "Tata Steel India Rapid w"]
[Site "Kolkata IND"]
[Date "2022.11.29"]
[Round "3.5"]
[White "Ushenina, Anna"]
[Black "Harika, Dronavalli"]
[Result "1/2-1/2"]
[WhiteTitle "GM"]
[BlackTitle "GM"]
[WhiteElo "2454"]
[BlackElo "2507"]
[WhiteFideId "14110911"]
[BlackFideId "5015197"]
[EventDate "2022.11.29"]

1. Nf3 d5 2. g3 Nf6 3. Bg2 c5 4. O-O Nc6 5. d4 cxd4 6. Nxd4 e5 7. Nxc6 bxc6 8.
c4 Be6 9. Nc3 Be7 10. Bg5 e4 11. Qa4 O-O 12. Rad1 Qb6 13. cxd5 cxd5 14. Bxf6
Bxf6 15. Nxd5 Bxd5 16. Rxd5 Qxb2 17. e3 Rab8 18. Bxe4 Rb4 19. Qc2 g6 20. Ra5
Qxc2 21. Bxc2 Rc8 22. Bb3 Rc7 23. Rd1 Kg7 24. Kg2 h5 25. h4 Rb6 26. Rad5 Rbb7
27. e4 Re7 28. f3 Rbc7 29. R1d2 a5 30. Re2 Bc3 31. Rc2 Bb4 32. Rxc7 Rxc7 33. e5
Ra7 34. Rb5 Bc3 35. a4 Re7 36. f4 Bb4 37. Kf3 Rc7 38. Bd5 Be1 39. Rb7 Rxb7 40.
Bxb7 Bc3 41. Bd5 Kf8 42. Ke2 Ke7 43. Bf3 Bd4 44. g4 hxg4 45. Bxg4 f6 46. exf6+
Kxf6 47. Kf3 1/2-1/2

[Event "Tata Steel India Rapid w"]
[Site "Kolkata IND"]
[Date "2022.11.30"]
[Round "4.1"]
[White "Dzagnidze, Nana"]
[Black "Ushenina, Anna"]
[Result "1/2-1/2"]
[WhiteTitle "GM"]
[BlackTitle "GM"]
[WhiteElo "2517"]
[BlackElo "2454"]
[WhiteFideId "13601903"]
[BlackFideId "14110911"]
[EventDate "2022.11.29"]

1. c4 e6 2. Nf3 d5 3. e3 Nf6 4. b3 c5 5. Bb2 Nc6 6. cxd5 exd5 7. Bb5 Bd6 8. O-O
O-O 9. d4 cxd4 10. Nxd4 Bc7 11. Bxc6 bxc6 12. Nd2 c5 13. N4f3 Ba6 14. Re1 Re8
15. Rc1 Rc8 16. Bxf6 Qxf6 17. e4 Red8 18. Qc2 Bf4 19. Rcd1 Bb7 20. exd5 Bxd5 21.
Re2 h6 22. Rde1 Qc6 23. Qf5 Bb8 24. Nc4 Qg6 25. Qxg6 fxg6 26. Nfe5 Kh7 27. f3
Bxe5 28. Nxe5 c4 29. bxc4 Bxc4 30. Nxc4 Rxc4 31. Rb2 Rd7 32. Kf2 Ra4 1/2-1/2

[Event "Tata Steel India Rapid w"]
[Site "Kolkata IND"]
[Date "2022.11.30"]
[Round "4.2"]
[White "Vantika, Agrawal"]
[Black "Kiolbasa, Oliwia"]
[Result "0-1"]
[WhiteTitle "WGM"]
[BlackTitle "WIM"]
[WhiteElo "2362"]
[BlackElo "2406"]
[WhiteFideId "25050389"]
[BlackFideId "1154613"]
[EventDate "2022.11.29"]

1. d4 d5 2. c4 e6 3. Nf3 Nf6 4. g3 Be7 5. Bg2 O-O 6. O-O dxc4 7. Qc2 b5 8. a4 b4
9. Nfd2 Nd5 10. Nxc4 c5 11. dxc5 Bxc5 12. e4 Nb6 13. Rd1 N8d7 14. Be3 Qe7 15.
Nxb6 axb6 16. Bxc5 Nxc5 17. e5 Bb7 18. Bxb7 Qxb7 19. Nd2 h6 20. Nc4 b3 21. Qc3
Ne4 22. Qf3 f5 23. h4 b5 24. Qxb3 Qa7 25. Ne3 bxa4 26. Qxe6+ Kh8 27. Rd7 Qa6 28.
Qxa6 Rxa6 29. Rd4 Nc5 30. Rc4 Nd3 31. Rcxa4 Rxa4 32. Rxa4 Nxe5 33. Ra5 Nd3 34.
Nxf5 0-1

[Event "Tata Steel India Rapid w"]
[Site "Kolkata IND"]
[Date "2022.11.30"]
[Round "4.3"]
[White "Muzychuk, Anna"]
[Black "Vaishali, Rameshbabu"]
[Result "0-1"]
[WhiteTitle "GM"]
[BlackTitle "IM"]
[WhiteElo "2525"]
[BlackElo "2454"]
[WhiteFideId "14111330"]
[BlackFideId "5091756"]
[EventDate "2022.11.29"]

1. e4 e5 2. Nf3 Nc6 3. Bb5 a6 4. Ba4 Bc5 5. c3 Nge7 6. d4 exd4 7. cxd4 Bb4+ 8.
Bd2 Bxd2+ 9. Qxd2 d5 10. exd5 Qxd5 11. Nc3 Qe6+ 12. Qe3 O-O 13. O-O b5 14. Bb3
Qxe3 15. fxe3 Na5 16. Nd2 Bb7 17. Rac1 Rac8 18. Bd1 c5 19. dxc5 Rxc5 20. b4 Rg5
21. Bf3 Nac6 22. a3 Rg6 23. Nb3 Bc8 24. Nd5 Nxd5 25. Bxd5 Ne5 26. Rc7 Be6 27.
Bxe6 Rxe6 28. Nc5 Rd6 29. Re7 f6 30. Ne6 Nc6 31. Rxg7+ Kh8 32. Rd7 Rxe6 33. Rc1
Ne5 34. Ra7 Rf7 35. Ra8+ Kg7 36. Rcc8 Nc4 37. Rg8+ Kh6 38. e4 Rg7 39. Rge8 Rd6
40. Rad8 Rgd7 41. Rxd7 Rxd7 42. Kf2 Rd6 43. Kf3 Nxa3 44. Kf4 Nc4 45. g4 Kg6 46.
h4 Ne5 47. h5+ Kg7 48. Re7+ Nf7 49. Kf5 h6 50. Ra7 Rc6 51. Rb7 Rd6 52. Ra7 Rb6
53. Rc7 Rd6 54. Ra7 Rc6 55. Rb7 Rc4 56. Ra7 Rxb4 57. Rxa6 Rb1 58. Ra7 Rc1 59.
Rb7 Rc6 60. Kf4 Rc5 61. Rb6 Re5 62. Rb7 Re6 63. Kf5 Re5+ 64. Kf4 Rc5 65. Rb6 Rg5
66. Rb7 Kf8 67. Rb8+ Ke7 68. Rb7+ Ke6 69. Rb8 Ne5 70. Rb6+ Ke7 71. Rb7+ Nd7 72.
Ra7 Rg8 73. Kf5 b4 74. Ra6 Rg5+ 75. Kf4 Rb5 0-1

[Event "Tata Steel India Rapid w"]
[Site "Kolkata IND"]
[Date "2022.11.30"]
[Round "4.4"]
[White "Muzychuk, Mariya"]
[Black "Savitha, Shri B"]
[Result "1/2-1/2"]
[WhiteTitle "GM"]
[BlackTitle "WIM"]
[WhiteElo "2528"]
[BlackElo "2411"]
[WhiteFideId "14114550"]
[BlackFideId "35061887"]
[EventDate "2022.11.29"]

1. e4 c5 2. Nf3 e6 3. d4 cxd4 4. Nxd4 Nc6 5. Nc3 Qc7 6. Be3 a6 7. Qf3 b5 8. Nxc6
Qxc6 9. Bd3 b4 10. Ne2 Bb7 11. Nd4 Qc7 12. O-O Nf6 13. Rfe1 Be7 14. Bf4 d6 15.
Bg3 Qb6 16. Nb3 a5 17. Qe3 Qxe3 18. Rxe3 O-O 19. Rd1 d5 20. e5 Nd7 21. Bb5 Nb6
22. Nd4 Rac8 23. Re2 Bc5 24. Nb3 a4 25. Nxc5 Rxc5 26. Bd3 Nc4 27. Rb1 d4 28. f4
Rd8 29. Be1 Ne3 30. Bxb4 Rcc8 31. Bd6 Nc4 32. Bxc4 Rxc4 33. b3 axb3 34. axb3 Rc3
35. Bb4 Rc6 36. Rd1 Rd5 37. Red2 h6 38. Bd6 Kh7 39. b4 Rc4 40. Bc5 Kg6 41. g4 h5
42. h3 hxg4 43. hxg4 d3 44. cxd3 Rxf4 45. d4 Rxg4+ 46. Kf2 Rd8 47. Rg1 Rxg1 48.
Kxg1 f6 49. exf6 gxf6 50. Re2 Bd5 51. b5 Rh8 52. Rh2 Ra8 53. b6 Ra1+ 54. Kf2 Kf5
55. Rh7 Rb1 56. Rh6 e5 57. dxe5 fxe5 58. Rh5+ Ke4 59. Rh4+ Kd3 60. Rb4 Rc1 61.
Bd6 e4 62. Bf4 Rc2+ 63. Kg3 e3 64. Bxe3 Kxe3 65. b7 Bxb7 66. Rxb7 1/2-1/2

[Event "Tata Steel India Rapid w"]
[Site "Kolkata IND"]
[Date "2022.11.30"]
[Round "4.5"]
[White "Koneru, Humpy"]
[Black "Harika, Dronavalli"]
[Result "1/2-1/2"]
[WhiteTitle "GM"]
[BlackTitle "GM"]
[WhiteElo "2574"]
[BlackElo "2507"]
[WhiteFideId "5008123"]
[BlackFideId "5015197"]
[EventDate "2022.11.29"]

1. d4 g6 2. c4 Bg7 3. Nc3 d6 4. e4 e5 5. Be3 exd4 6. Bxd4 Nf6 7. f3 O-O 8. Qd2
Nc6 9. Be3 Be6 10. Nd5 Ne5 11. Rc1 c6 12. Nf4 Qe7 13. Be2 Rfd8 14. Nxe6 Qxe6 15.
Nh3 d5 16. cxd5 cxd5 17. Nf4 Qd7 18. Nxd5 Nxd5 19. exd5 Qxd5 20. Qxd5 Rxd5 21.
Kf2 Nd3+ 22. Bxd3 Rxd3 23. Rhd1 Rxd1 24. Rxd1 Bxb2 25. Rb1 Bf6 26. Rxb7 a6 27.
Rb6 Bd8 28. Rc6 Be7 29. Bh6 a5 30. a4 Rd8 31. Ra6 Bb4 32. g4 Re8 33. h4 Be1+ 34.
Kf1 Bc3 35. Rc6 Bb4 36. Ra6 1/2-1/2

[Event "Tata Steel India Rapid w"]
[Site "Kolkata IND"]
[Date "2022.11.30"]
[Round "5.1"]
[White "Vaishali, Rameshbabu"]
[Black "Muzychuk, Mariya"]
[Result "1/2-1/2"]
[WhiteTitle "IM"]
[BlackTitle "GM"]
[WhiteElo "2454"]
[BlackElo "2528"]
[WhiteFideId "5091756"]
[BlackFideId "14114550"]
[EventDate "2022.11.29"]

1. e4 e5 2. Nf3 Nc6 3. Bc4 Bc5 4. d3 Nf6 5. Bg5 h6 6. Bh4 Be7 7. Bg3 d6 8. c3
O-O 9. Nbd2 Be6 10. Bxe6 fxe6 11. b4 Qd7 12. O-O Kh7 13. a4 g6 14. d4 exd4 15.
b5 Na5 16. cxd4 Nh5 17. d5 exd5 18. exd5 a6 19. Rb1 axb5 20. axb5 Nf6 21. Nb3
Qxb5 22. Re1 Rf7 23. Nxa5 Qxa5 24. Rxb7 Nxd5 25. h4 Nf6 26. Qb3 Qd5 27. Qb1 Bf8
28. Rd1 Qe4 29. Qb3 Kg7 30. Nd4 Re8 31. f3 Qd5 32. Qxd5 Nxd5 33. Nb5 Ne3 34. Rc1
Nf5 35. Rcxc7 Rxc7 36. Rxc7+ Re7 37. Rxe7+ Bxe7 38. Bf2 Bxh4 39. Bxh4 Nxh4 40.
Nxd6 1/2-1/2